<?xml version="1.0" encoding="UTF-8"?>
<record
    xmlns:xsi="http://www.w3.org/2001/XMLSchema-instance"
    xsi:schemaLocation="http://www.loc.gov/MARC21/slim http://www.loc.gov/standards/marcxml/schema/MARC21slim.xsd"
    xmlns="http://www.loc.gov/MARC21/slim">

  <leader>00254nam a2200097Ia 4500</leader>
  <controlfield tag="008">230915s9999    xx            000 0 und d</controlfield>
  <datafield tag="050" ind1=" " ind2=" ">
    <subfield code="a">KD 1554 .S526  2006</subfield>
  </datafield>
  <datafield tag="100" ind1=" " ind2=" ">
    <subfield code="a">ATIYAH,P.S.</subfield>
  </datafield>
  <datafield tag="245" ind1=" " ind2="0">
    <subfield code="a">ATIYAH'S INTRODUCTION TO THE LAW OF CONTRACT</subfield>
  </datafield>
  <datafield tag="942" ind1=" " ind2=" ">
    <subfield code="c">BK</subfield>
  </datafield>
  <datafield tag="999" ind1=" " ind2=" ">
    <subfield code="c">162608</subfield>
    <subfield code="d">162608</subfield>
  </datafield>
  <datafield tag="952" ind1=" " ind2=" ">
    <subfield code="0">0</subfield>
    <subfield code="1">0</subfield>
    <subfield code="2">lcc</subfield>
    <subfield code="4">0</subfield>
    <subfield code="7">0</subfield>
    <subfield code="8">LAW</subfield>
    <subfield code="a">KSUL</subfield>
    <subfield code="b">KSUL</subfield>
    <subfield code="d">2023-11-30</subfield>
    <subfield code="i">29826</subfield>
    <subfield code="l">0</subfield>
    <subfield code="o">KD 1554 .A85 2006 </subfield>
    <subfield code="p">022833</subfield>
    <subfield code="r">2023-11-30 16:29:53</subfield>
    <subfield code="t">C.4</subfield>
    <subfield code="w">2023-11-30</subfield>
    <subfield code="y">BK</subfield>
  </datafield>
  <datafield tag="952" ind1=" " ind2=" ">
    <subfield code="0">0</subfield>
    <subfield code="1">0</subfield>
    <subfield code="2">lcc</subfield>
    <subfield code="4">0</subfield>
    <subfield code="7">0</subfield>
    <subfield code="8">LAW</subfield>
    <subfield code="a">KSUL</subfield>
    <subfield code="b">KSUL</subfield>
    <subfield code="d">2023-11-30</subfield>
    <subfield code="i">29825</subfield>
    <subfield code="l">0</subfield>
    <subfield code="o">KD 1554 .A85 2006 </subfield>
    <subfield code="p">023211</subfield>
    <subfield code="r">2023-11-30 16:29:53</subfield>
    <subfield code="t">C.3</subfield>
    <subfield code="w">2023-11-30</subfield>
    <subfield code="y">BK</subfield>
  </datafield>
  <datafield tag="952" ind1=" " ind2=" ">
    <subfield code="0">0</subfield>
    <subfield code="1">0</subfield>
    <subfield code="2">lcc</subfield>
    <subfield code="4">0</subfield>
    <subfield code="7">0</subfield>
    <subfield code="8">LAW</subfield>
    <subfield code="a">KSUL</subfield>
    <subfield code="b">KSUL</subfield>
    <subfield code="d">2023-11-30</subfield>
    <subfield code="i">29823</subfield>
    <subfield code="l">1</subfield>
    <subfield code="o">KD 1554 .A85 2006 </subfield>
    <subfield code="p">022832</subfield>
    <subfield code="r">2026-03-30 11:03:38</subfield>
    <subfield code="s">2026-03-25</subfield>
    <subfield code="t">C.1</subfield>
    <subfield code="w">2023-11-30</subfield>
    <subfield code="y">BK</subfield>
  </datafield>
  <datafield tag="952" ind1=" " ind2=" ">
    <subfield code="0">0</subfield>
    <subfield code="1">0</subfield>
    <subfield code="2">lcc</subfield>
    <subfield code="4">0</subfield>
    <subfield code="7">0</subfield>
    <subfield code="8">LAW</subfield>
    <subfield code="a">KSUL</subfield>
    <subfield code="b">KSUL</subfield>
    <subfield code="d">2023-11-30</subfield>
    <subfield code="i">29827</subfield>
    <subfield code="l">1</subfield>
    <subfield code="o">KD 1554 .A85 2006 </subfield>
    <subfield code="p">023212</subfield>
    <subfield code="r">2025-11-08 08:06:20</subfield>
    <subfield code="s">2025-10-23</subfield>
    <subfield code="t">C.5</subfield>
    <subfield code="w">2023-11-30</subfield>
    <subfield code="y">BK</subfield>
  </datafield>
</record>
